| 000 | 00584nam a2200193Ia 4500 | ||
|---|---|---|---|
| 003 | GCL | ||
| 008 | 140319s9999 xx 000 0 eng d | ||
| 040 |
_aGCL / _cGCL |
||
| 082 | 0 | 4 |
_a332.456 _bA C |
| 100 | 1 | _aARGY, VICTOR | |
| 245 | 1 | 0 |
_aCHOOSING ON EXCHNGE ON EXCHANGE RATE REGINE: THE CHALLENGE FOR SMALLER INDUSTRIED COUNTRY / _cARGY, VICTOR |
| 700 | 1 | _aPOLAK, J.J | |
| 700 | 1 | _aGRROUWA, POUL DE | |
| 260 |
_a[S.N] : _bINTERNATIONAL MONETARY FUND ، _c1990 |
||
| 300 | _a391 P | ||
| 650 | 0 | 4 | _aFOREIGN EXCHANGE |
| 650 | 0 | 4 | _aFOREIGN EXCHANGE ADMINISTRATION |
| 942 |
_2ddc _cBK |
||
| 999 |
_c22154 _d22154 |
||